00809nam a22001697a 4500003000900000008004100009040007100050082001500121100002000136245007900156260003600235300002800271440004300299505026800342650001300610650001600623AR-CdUCM190517b ||||| |||| 00| 0 spa d aMUNICIPALIDAD PROVINCIAL DEL CUSCOcBIBLIOTECA MUNICIPAL DEL CUSCO a901 /bD89 aDujovne, Leòn aLa filosofía de la historia desde el Renacimiento hasta el siglo XVIII / aBuenos Aires :bGalatea,c1959. a244 páginas ;c21 cm. aEl hombre, la sociedad y la historia ; aContenido: La historia en el renacimiento -- Nicolas Maquiavelo, su ideas políticas y su visión de la historia -- Guicciardini, su idea del hombre y de la historia -- Bodino, su concepción sobre el conocimiento histórico y sobre la realidad histórica... aHistoria aFilosofía